Taylor Swift - Lover Track Listing - Statistics

General Stats
  • This quiz has been taken 37 times
  • The average score is 15 of 18
Answer Stats
Track % Correct
3 Lover
97%
2 Cruel Summer
94%
1 I Forgot That You Existed
94%
18 Daylight
89%
5 The Archer
89%
4 The Man
89%
11 London Boy
86%
12 Soon You'll Get Better (feat. The Chicks)
86%
16 ME! (feat. Brendon Urie of Panic! at the Disco)
83%
9 Cornelia Street
80%
10 Death By A Thousand Cuts
80%
14 You Need To Calm Down
80%
17 It's Nice To Have A Friend
77%
8 Paper Rings
77%
15 Afterglow
74%
7 Miss Americana & The Heartbreak Prince
74%
13 False God
71%
6 I Think He Knows
69%
No matching quizzes found
Score Distribution
Percent of People with Each Score
Percentile by Number Answered
Your Score History
You have not taken this quiz